Les gouverneurs de Damas sous les mamlouks et les premiers ottomans /

محفوظ في:

المؤلف الرئيسي: Ibn Ṭūlūn, Shams al-Dīn Muḥammad ibn ʻAlī,‏ ‎ 1485?-1546 (مؤلف)

مؤلفون آخرون: Muḥammad ibn Junʻah, alḲādirī al Dimashḳī al-Ḥanafī, fl. 1743., Laoist, Henri.

التنسيق: كتاب

اللغة: French

منشور في: Damas : Institut français de Damas, 1952.

الموضوعات:

الوسوم: إضافة وسم

لا توجد وسوم, كن أول من يضع وسما على هذه التسجيلة!

رقم الطلب: DS99 .D3 I2714 1952

LEADER 01109nam a2200277M 4500
001 5016
003 OSt
005 20260217123647.0
008 130303s1952 sy 000 0 fre d
010 |a 53023612 
035 |a ocm23419596 
040 |c ARCE Library 
043 |a a-sy--- 
050 4 |a DS99 .D3 I2714 1952 
100 1 |6 880-01  |a Ibn Ṭūlūn, Shams al-Dīn Muḥammad ibn ʻAlī,‏ ‎  |d 1485?-1546,   |e author 
245 1 4 |a Les gouverneurs de Damas sous les mamlouks et les premiers ottomans /  |c Shams al-Dīn Muḥammad ibn ʻAlī Ibn Ṭūlūn ; Henri Laoist. 
264 1 |a Damas :  |b Institut français de Damas,  |c 1952. 
300 |a xxiii, 288 pages ;  |c 25 cm. 
651 0 |a Damascus (Syria)  |x Kings and rulers. 
700 1 |a Muḥammad ibn Junʻah,  |c alḲādirī al Dimashḳī al-Ḥanafī,  |d fl. 1743.  |t Kitāb al-bāshāt wal-ḳuḍat bi-Dimashk, 
700 1 |a Laoist, Henri. 
740 0 2 |a Kitāb al-bāshāt wal-ḳuḍat bi-Dimashk. 
880 1 |6 100-01/(3/r  |a ابن طولون ,شمس الدين محمود بن علي,  |d ،1485?-1546 
901 |a reviewed 
942 |c BK  |2 lcc 
999 |c 5406  |d 5406